[Event "Yingmei Cup CHN-chT 2017"]
[Site "?"]
[Date "2017.08.20"]
[Round "14"]
[White "Wang, Chen"]
[Black "Peng, Hongchi"]
[Result "0-1"]
[WhiteElo "2505"]
[BlackElo "2210"]
[Annotator "TA"]
[PlyCount "103"]
[EventDate "2017.??.??"]
[SourceTitle "Wuxi"]

1. d4 Nf6 2. Bg5 d5 3. Nf3 c5 4. c3 cxd4 (4... e6 5. e3 Nc6 6. Nbd2 h6 7. Bh4
Be7 8. Bd3 Nh5 9. Ne5 Nxe5 10. dxe5 Bxh4 11. Qxh5 Qg5 12. Bb5+ Kf8 13. Qxg5
Bxg5 14. f4 Be7 15. Bd3 g6 16. e4 {1/2-1/2 (56) Balog,I (2537)-Banusz,T (2604)
Slovakia 2015}) 5. Bxf6 exf6 6. Nxd4 {[%emt 0:00:03] D02:1 d4 d5 2 Nf
sidelines, including 2...Nf6 3 g3 and 2...Nf6 3 Bf4} Nc6 $146 ({Predecessor:} 
6... Bc5 7. e3 O-O 8. Be2 Nc6 9. Nb3 Bb6 10. Na3 Bf5 11. Nc2 Qd7 12. Ncd4 {
1-0 (47) Schuller,J-Ferguson,J Wichita 2006}) 7. e3 Qb6 8. Qb3 {White has an
edge.} Bc5 9. Be2 O-O 10. O-O Re8 11. Bf3 Be6 ({But not} 11... Nxd4 $6 12. cxd4
Qxb3 13. axb3 $16) 12. Nd2 Rad8 13. Rfd1 Ne5 14. Be2 Bg4 15. Qxb6 Bxb6 16. N4f3
f5 17. Kf1 f6 18. Ng1 {[#]} (18. a4 $14) 18... f4 $1 $15 19. exf4 Bxe2+ 20.
Nxe2 Nd3 21. Nf3 Nxf2 22. Rd2 Ng4 23. Ned4 Re4 24. g3 Ne3+ 25. Kf2 Rde8 26. b3
({White should try} 26. Kg1) 26... Rc8 $36 {Black is on the roll.} 27. Rc1 Nf5
{Hoping for ...Nxd4.} 28. Rcc2 (28. Rdd1 $17 {was worth a try.}) 28... a5 29.
a4 (29. Kg1 {might work better.}) 29... h6 $19 30. Kg1 g5 31. fxg5 hxg5 32. h3
Nxg3 33. Kg2 {[#]} Nh5 $1 34. Nf5 {intending Nd6.} Nf4+ 35. Kf1 Rc7 36. c4 $2 (
36. h4) 36... dxc4 37. Rd6 (37. bxc4 $142 Rexc4 38. Rd8+ Kh7 39. Rxc4 Rxc4 40.
Rd7+ Kg6 41. Ne7+ Kh5 42. Ne1) 37... cxb3 {Black is clearly winning.} 38. Rd8+
Kf7 39. Nd6+ Ke7 40. Re8+ Kxd6 41. Rd2+ {[#]} Rd4 $1 42. Nxd4 (42. Rxd4+ Bxd4)
42... Rc1+ 43. Re1 Rxe1+ 44. Kxe1 Bxd4 45. Rxd4+ {Endgame KR-KN} Kc5 46. Rd1
Kb4 47. Kd2 Ka3 48. Rf1 Ka2 49. Rf2 b2 50. Kc3 Nd5+ 51. Kc4 Nb6+ 52. Kd4 {
Precision: White = 52%, Black = 74%.} 0-1

[Event "Yingmei Cup CHN-chT 2017"]
[Site "?"]
[Date "2017.08.20"]
[Round "14"]
[White "Shen, Yang"]
[Black "Girya, Olga"]
[Result "1/2-1/2"]
[WhiteElo "2473"]
[BlackElo "2502"]
[Annotator "TA"]
[PlyCount "45"]
[EventDate "2017.??.??"]
[SourceTitle "Wuxi"]

1. d4 d5 2. Nf3 Nf6 3. c4 e6 4. Nc3 a6 5. cxd5 exd5 6. Bg5 {[%emt 0:00:05] D37:
Queen's Gambit Declined: Bf4} (6. Qb3 b5 7. Bg5 Be6 8. Qc2 Nbd7 9. e3 c5 10.
dxc5 Bxc5 11. Bd3 h6 12. Bh4 Rc8 13. O-O O-O {1/2-1/2 (39) Gelfand,B (2728)
-Mamedyarov,S (2800) Geneve 2017}) 6... Be6 7. e3 Nbd7 8. Be2 Bd6 9. O-O O-O
10. Rc1 {LiveBook: 3 Games. The position is equal.} Qb8 $146 ({Predecessor:} 
10... c6 11. Qc2 Qc7 12. Bh4 h6 13. Bg3 Bxg3 14. hxg3 {1/2-1/2 (41) Kozak,A 
(2414)-Brkic,A (2565) Pardubice 2017}) 11. Bf4 c6 12. Bg3 Bxg3 13. hxg3 Bg4 14.
a4 a5 15. Bd3 Qd6 16. Qc2 Rfe8 17. Rfe1 h6 18. Rb1 Re7 19. Nh2 Rae8 20. Qd2 Qb4
21. Qc2 Qd6 22. Qd2 Qb4 23. Qc2 {Precision: White = 61%, Black = 49%.} 1/2-1/2

[Event "Yingmei Cup CHN-chT 2017"]
[Site "?"]
[Date "2017.08.20"]
[Round "14"]
[White "Ma, Zhonghan"]
[Black "Zhao, Yuanhe"]
[Result "1-0"]
[WhiteElo "2465"]
[BlackElo "2386"]
[Annotator "TA"]
[PlyCount "63"]
[EventDate "2017.??.??"]
[SourceTitle "Wuxi"]

1. d4 d5 2. c4 c6 3. Nf3 Nf6 4. e3 e6 5. Nbd2 Nbd7 6. Bd3 Bd6 7. e4 dxe4 8.
Nxe4 Nxe4 9. Bxe4 O-O 10. O-O h6 11. Re1 e5 12. Bc2 exd4 13. Qxd4 Bc5 14. Qc3 {
D46: Semi-Slav: 5 e3 Nbd7 6 Bd3, Black avoids the Meran} Qb6 {[#] LiveBook: 13
Games} 15. Bxh6 $146 ({Find the theoretical novelty and annotate with similar
games:} 15. Re2 Rd8 16. a3 a5 17. Bf4 Nf8 18. Be5 f6 19. Bg3 Bg4 20. Rae1 Bh5
21. Rb1 a4 {1/2-1/2 (34) Khairullin,I (2629)-Svetlov,D (2396) Moscow 2015})
15... gxh6 16. Re4 $1 {White is slightly better.} f5 $2 (16... h5 $11 {and
Black has nothing to worry.}) 17. Re6 $18 Kh7 $2 (17... Qb4) 18. Rd1 {
Intending Ng5+! and mate.} Qb4 {[#]} (18... Qd8 $142 19. b4 Be7) 19. Ng5+ $1 {
White is clearly winning.} hxg5 {[#]} 20. Bxf5+ $1 Rxf5 21. Qh3+ Kg8 22. Rg6+ (
{Not} 22. Qxf5 Bf8 $16) 22... Kf7 23. Qxf5+ Ke8 24. Qxg5 Be7 25. Rg8+ Bf8 {
intending ...Qe7.} 26. h4 Qe7 {White must now prevent ...Qxg5.} 27. Qf5 Qc5 28.
Re1+ Qe7 29. Rxe7+ Kxe7 30. Qg5+ Kf7 31. Qg6+ Ke7 32. h5 {Precision: White =
68%, Black = 21%.} 1-0

[Event "Yingmei Cup CHN-chT 2017"]
[Site "?"]
[Date "2017.08.20"]
[Round "14"]
[White "Ni, Shiqun"]
[Black "Wang, Jue"]
[Result "1-0"]
[WhiteElo "2450"]
[BlackElo "2335"]
[Annotator "TA"]
[PlyCount "71"]
[EventDate "2017.??.??"]
[SourceTitle "Wuxi"]

1. e4 c5 2. Nf3 d6 3. Bb5+ Nd7 4. O-O a6 5. Bd3 Ngf6 (5... b5 6. Re1 Bb7 7. a4
b4 8. Bc4 Ngf6 9. d3 e6 10. Nbd2 Be7 11. Nf1 O-O 12. Ng3 d5 {1-0 (50) Vachier
Lagrave,M (2783)-Nepomniachtchi,I (2766) Leuven 2017}) 6. Re1 {B51: Sicilian:
Moscow Variation (3 Bb5+) without 3...Bd7} e6 7. c3 b5 8. Bc2 c4 9. a4 Bb7 10.
axb5 {LiveBook: 15 Games} axb5 11. Rxa8 Qxa8 12. d3 cxd3 $146 ({Predecessor:} 
12... Be7 13. b4 {1/2-1/2 (36) Borge,N (2386)-Bekker Jensen,S (2466) Denmark
2017}) 13. Qxd3 Nxe4 (13... b4 $5) 14. Qxb5 ({Of course not} 14. Rxe4 Nc5 $11)
(14. Nd4 $14) 14... Be7 15. Nd4 Nef6 16. f3 O-O 17. Nd2 Rc8 18. Ne4 Ne5 19. Bg5
Rb8 {aiming for ...Bxe4.} (19... Bxe4 $5 20. Bxe4 Qa7 $15) 20. Qe2 Ba6 (20...
Bxe4 $5 21. Bxe4 Qa7 $11) 21. Qf2 $36 {Black is under pressure.} Rxb2 (21...
Bd3 $11 {remains equal.} 22. Nxf6+ gxf6) 22. Bxf6 ({White should try} 22. Nxf6+
$16 gxf6 23. Bc1) 22... gxf6 $11 23. Qh4 $1 {Black must now prevent Ng5!} Qd8
$2 {[#]} (23... Bd3 $11 24. Bxd3 Nxd3 25. Nxf6+ Bxf6 26. Qxf6 Qa5) 24. Ng5 $1
$18 Kf8 (24... fxg5 25. Qxh7+) 25. Qxh7 Ke8 26. Ba4+ Bb5 27. Nxb5 Qb6+ 28. Nd4+
Kd8 29. Nxf7+ Kc7 30. Nxe5 fxe5 31. Qxe7+ Kb8 32. Qe8+ Kc7 33. Qxe6 Rb1 34.
Rxb1 (34. Qf7+ $142 Kb8 35. Qg8+ Ka7 36. Qh7+ Qb7 37. Nc6+ Ka6 38. Qd3+ Rb5 39.
Rb1) 34... Qxb1+ 35. Kf2 {White threatens Qd7+ and mate.} exd4 36. Qd7+ {
Precision: White = 51%, Black = 38%.} 1-0

[Event "Yingmei Cup CHN-chT 2017"]
[Site "?"]
[Date "2017.08.20"]
[Round "14"]
[White "Fang, Yan"]
[Black "Grischuk, Alexander"]
[Result "0-1"]
[WhiteElo "2447"]
[BlackElo "2761"]
[Annotator "TA"]
[PlyCount "88"]
[EventDate "2017.??.??"]
[SourceTitle "Wuxi"]

1. e4 d6 2. d4 g6 3. Nc3 Bg7 4. Bg5 a6 5. a4 Nc6 6. d5 {B06: Modern Defence}
Ne5 7. Be2 {LiveBook: 3 Games} h6 $146 ({Predecessor:} 7... Nf6 8. Nf3 Ned7 9.
Be3 O-O 10. O-O c6 11. a5 cxd5 12. exd5 b5 {1/2-1/2 (39) Bagi,M (2417)
-Schlosser,P (2579) Pardubice 2015}) 8. Be3 {White is slightly better.} Nf6 9.
h3 O-O 10. Nf3 ({White should play} 10. Qd2 $1 $16) 10... e6 $11 11. Nxe5 dxe5
12. a5 exd5 13. exd5 Ne8 14. Na4 Nd6 15. c4 Re8 16. Qb3 Nf5 17. O-O h5 18. Rfd1
Nd4 19. Bxd4 exd4 20. Bf1 Qg5 21. Re1 Re5 22. Nc5 h4 23. Nd3 Rxe1 $1 24. Rxe1 {
Black must now prevent Re8+.} Bf5 $1 25. Qxb7 Rf8 $1 {And now ...Bxd3 would
win.} 26. Qb3 (26. Qxc7 Bxd3 27. Bxd3 Qd2 $17) 26... Bxh3 27. Nb4 (27. Qb7 Bf5
$17) 27... Bf5 {Threatens to win with ...Rb8.} (27... Bxg2 $5 28. Bxg2 Rb8 $15)
28. Nxa6 (28. Nc6 $11) 28... Qd2 (28... h3 $1 $17 29. Qg3 (29. Nxc7 $2 d3 $19)
29... Qd2) 29. Rd1 $1 Qxa5 30. Qa3 Qb6 31. c5 $132 {White puts up resistance}
Qb7 32. c6 Qb6 33. Qe7 (33. Nc5 $11) 33... Qb3 $1 $17 (33... Qxb2 $6 34. Nxc7
d3 35. d6 $11) 34. Rd2 (34. Be2 $17) 34... Qxd5 $19 35. Qxc7 {Now Nb4 and
White clings on.} Rc8 36. Nb4 Qc5 ({Not} 36... Rxc7 37. Nxd5 Ra7 38. c7 $18) ({
But not} 36... Qxg2+ 37. Bxg2 Rxc7 38. Nd5 $15) 37. Qb7 Qc1 38. Rc2 {[#]} Qd1 (
{Better is} 38... Qb1 $1 39. Rc5 h3 40. Rxf5 Qxf5 41. gxh3 Bf8) 39. Rc5 $17 {
Rxf5! is the strong threat.} Be6 40. c7 $2 (40. Nd3 $1 $11 {and White has
nothing to worry.}) 40... h3 $1 $19 41. Nd5 $2 (41. Qe4 Bf8 42. Qd3) 41... Bf8
{Black is clearly winning.} (41... hxg2 $2 42. Ne7+ Kf8 {[#]} 43. Nxg6+ $1 fxg6
44. Qxg2 $19) 42. Nf4 Bd6 (42... Bxc5 $2 {too greedy.} 43. Nxe6 h2+ 44. Kxh2
$18) 43. gxh3 Bxf4 44. Qe4 Bxh3 {Precision: White = 30%, Black = 55%.} 0-1

[Event "Yingmei Cup CHN-chT 2017"]
[Site "?"]
[Date "2017.08.20"]
[Round "14"]
[White "Ding, Yixin"]
[Black "Xiao, Yiyi"]
[Result "1-0"]
[WhiteElo "2420"]
[BlackElo "2290"]
[Annotator "TA"]
[PlyCount "105"]
[EventDate "2017.??.??"]
[SourceTitle "Wuxi"]

1. d4 Nf6 2. Bf4 g6 3. Nc3 d5 4. e3 Bg7 5. h4 c5 6. Nb5 {A45: Trompowsky Attack
} Na6 7. c3 {LiveBook: 7 Games} Qb6 $146 ({Predecessor:} 7... Bg4 8. Be2 Bxe2
9. Nxe2 O-O 10. Be5 h5 11. Nf4 {1/2-1/2 (47) Karjakin,S (2762)-Safarli,E (2657)
Berlin 2015}) 8. a4 {White has an edge.} (8. dxc5 {seems wilder.} Qxc5 9. Be5
Bd7 10. Bd4 Qc8 11. Nf3) 8... Bg4 9. Be2 Bxe2 10. Qxe2 (10. Nxe2 {is
interesting.} O-O 11. Be5 h5 12. Nf4 Rfd8 13. f3) 10... O-O 11. Nf3 h5 12. Ne5
Qe6 (12... c4 $11 {remains equal.}) 13. dxc5 $1 $16 Ng4 14. Nd3 Rfc8 (14... Qc8
$16) 15. O-O Nxc5 16. Nxc5 Rxc5 17. Nc7 Rxc7 18. Bxc7 Be5 19. Bxe5 Qxe5 20. g3
Rc8 21. Rad1 Nf6 22. Rd4 Qf5 23. Kg2 e5 24. Rb4 Rc7 25. Qf3 Qe6 26. Rd1 Kg7 27.
Rb5 Qa6 (27... a6 $16 {was worth a try.} 28. Rb4 b6) 28. Ra1 (28. Rdxd5 $18
Nxd5 29. Qxd5 (29. Rxd5 Qxa4 30. Rxe5 Qb3 $16)) 28... Rc6 29. Ra3 Re6 30. Ra1 (
30. Qd1 $16) 30... Qc6 (30... Rc6 $1 $11) 31. Rd1 e4 ({Black should play} 31...
b6 $14) 32. Qe2 $1 a6 33. Rb4 Ng4 34. Qd2 (34. c4 $16 Rf6 35. cxd5) 34... Re5 (
34... Rf6 $1 $11 35. Rf1 Ne5) 35. Rf1 $1 Rf5 36. a5 (36. c4 $18) 36... Kh7 37.
Qd4 (37. c4 $1 $16) 37... Re5 $2 (37... Rf3 $1 $11 {and Black stays safe.}) 38.
Rb6 (38. Kg1 $1 $18) 38... Qd7 39. f4 ({Better is} 39. c4 $16) 39... exf3+ $1
$11 40. Rxf3 Qe7 {[#]} (40... Re7 $1 $11 {keeps the balance.}) 41. Kg1 (41. Qb4
$142 $1 Nxe3+ 42. Kg1 Qxb4 43. Rxb4) 41... Nxe3 (41... Rxe3 $16 42. Rxe3 Nxe3)
42. Rxb7 Qxb7 43. Qxe5 $16 {Endgame KQR-KQN} Ng4 44. Qe2 Kg7 45. Rf1 ({White
should try} 45. Rf4 $18) 45... Qc7 (45... Qa7+ $16 46. Kh1 d4) 46. Qf3 $18 f6 {
[#]} 47. Re1 (47. b4 $1 $18) 47... Qd6 $2 (47... Qxa5 $16 48. Re7+ Kf8) 48. Qf4
Ne5 49. Qe3 Qd7 50. Kg2 Qb5 $2 (50... Qb7 51. Qb6 Qa8) 51. Qa7+ Kh6 52. Qb6 Nd3
53. Qxb5 {Precision: White = 45%, Black = 25%.} (53. Qe3+ $142 g5 54. hxg5+ Kg6
55. Rf1 f5 56. Qe6+ Kg7 57. Rxf5 Qxb2+ 58. Kh3) 1-0

[Event "Yingmei Cup CHN-chT 2017"]
[Site "?"]
[Date "2017.08.20"]
[Round "14"]
[White "Guo, Qi"]
[Black "Gu, Tianlu"]
[Result "1-0"]
[WhiteElo "2413"]
[BlackElo "2212"]
[Annotator "TA"]
[PlyCount "170"]
[EventDate "2017.??.??"]
[SourceTitle "Wuxi"]

1. d4 d5 2. c4 c6 3. Nf3 Nf6 4. e3 g6 5. Nc3 Bg7 6. Be2 O-O 7. O-O Bg4 8. cxd5
cxd5 9. Qb3 b6 {[%emt 0:00:05] D94: Grünfeld: 4 Nf3 Bg7 e3} 10. Bd2 (10. h3
Bc8 11. Bd2 Nc6 12. Ne5 Bb7 13. Nxc6 Bxc6 14. Ba6 Qd7 15. Rac1 Bb7 16. Bb5 Qf5
17. Ne2 Rfc8 18. Bb4 {1/2-1/2 (90) Nakamura,H (2787)-Harikrishna,P (2763)
chess.com INT 2016}) 10... Ne4 11. Be1 {LiveBook: 3 Games} Nxc3 {White is
slightly better.} 12. Bxc3 Nc6 13. Rfc1 Qd6 14. h3 Bd7 {[#]} 15. Be1 $146 ({
Predecessor:} 15. a3 e6 16. Ba6 Rfd8 17. Bb4 Nxb4 18. axb4 {1/2-1/2 (27)
Zontakh,A (2538)-Varga,Z (2459) Palic 2014}) 15... Rfc8 16. Bd3 Rc7 17. Rc2
Rac8 18. Ba6 Bf5 19. Rc3 (19. Bxc8 $2 Bxc2 20. Qxc2 Nxd4 $17) 19... Na5 20. Qd1
Rxc3 21. Bxc3 Rc7 22. Bxa5 bxa5 23. Bd3 Bxd3 24. Qxd3 Qb4 25. Rb1 Qc4 26. Qxc4
Rxc4 $11 {Endgame KRB-KRN} 27. Ne1 f6 28. Rd1 Kf7 29. Kf1 Bf8 30. Ke2 e6 31.
Nd3 Bd6 32. Rc1 Rxc1 33. Nxc1 {KB-KN} Ke7 34. Kd3 Kd7 35. Kc2 Kc6 36. Ne2 Kb6
37. Kb3 Bc7 38. Ka4 Bd6 39. Nc1 e5 40. a3 exd4 41. exd4 Bf4 (41... f5 $11 {
remains equal.}) 42. Nb3 (42. Na2 $1 $16) 42... Bh2 43. Nxa5 Bg1 44. f3 Bxd4
45. b4 Bf2 46. Kb3 Kb5 47. a4+ Kb6 48. Ka3 h5 49. Nb3 f5 50. Nc1 g5 51. Nd3 Bd4
52. Kb3 Kc6 53. b5+ Kb6 (53... Kc7 $14) 54. Kb4 $2 (54. Nb4 $1 $18) 54... Be3
55. a5+ Kc7 56. Ne5 Kd6 57. Nc6 {Threatens to win with Nxa7!} Bd2+ $2 (57... a6
$11 {and Black is okay.}) 58. Ka4 $1 $18 Be3 $2 {[#]} (58... a6 {is tougher.})
59. Kb3 $2 (59. Nxa7 $1 $18 d4 (59... Bxa7 60. b6) 60. b6) 59... Bf2 (59... a6
$11) 60. Kc3 (60. f4 $5 gxf4 61. Nb4 $11) 60... Be1+ 61. Kd3 a6 $2 (61... Kc5
$11) 62. Nd4 axb5 63. Nxb5+ ({Weaker is} 63. a6 Kc7 $16) 63... Kc6 64. a6 Bf2
65. Nd4+ Kb6 66. Nxf5 Kxa6 67. Ng7 $2 ({White must play} 67. Ne7 $18) 67... Kb6
$11 68. Nxh5 {Ke2 is the strong threat.} Kc5 69. f4 gxf4 70. Nxf4 Kd6 71. Ke2
Bd4 72. Kf3 Bf6 73. Nd3 {And now Kf4 would win.} Ke6 74. g4 {aiming for Kf4.}
Bd8 75. Kg3 Bc7+ 76. Kh4 {Black must now prevent Kg5.} d4 $2 (76... Kf6 $11)
77. Kg5 $18 Bg3 78. h4 Kd5 79. Nb2 Ke4 {[#]} 80. h5 $1 d3 {[#]} 81. Nxd3 $1
Kxd3 {White mates.} 82. Kf5 Be1 83. g5 Bd2 84. g6 Bh6 85. Kf6 Ke4 {Precision:
White = 63%, Black = 53%.} 1-0

[Event "Yingmei Cup CHN-chT 2017"]
[Site "?"]
[Date "2017.08.20"]
[Round "14"]
[White "Li, Yankai"]
[Black "Ding, Liren"]
[Result "0-1"]
[WhiteElo "2392"]
[BlackElo "2759"]
[Annotator "TA"]
[PlyCount "86"]
[EventDate "2017.??.??"]
[SourceTitle "Wuxi"]

1. e4 c5 2. Nf3 d6 3. d4 cxd4 4. Nxd4 Nf6 5. Nc3 Nc6 6. Bc4 e6 7. Be3 a6 8. Qe2
Na5 9. Bd3 Qc7 10. g4 {B89: Sicilian: Velimirovic Attack} (10. O-O-O b5 11. a3
Rb8 12. g4 Nd7 13. f4 Nb6 14. Nb3 Na4 15. Bd2 Nxb3+ 16. cxb3 Nc5 17. b4 Nxd3+
18. Qxd3 Be7 19. g5 {1-0 (37) Fedorov,A (2599)-Sax,G (2576) Pula 2001}) 10...
b5 11. g5 Nd7 {LiveBook: 3 Games} 12. a3 {White is slightly better.} Bb7 $146 (
{Predecessor:} 12... Ne5 13. O-O Nac4 14. f4 Nxe3 15. Qxe3 Nc4 16. Bxc4 Qxc4
17. f5 Bd7 {1-0 (28) Czebe,A (2325)-Arnold,J (2190) Budapest 1996}) 13. f4 Nc4
$1 14. Bxc4 Qxc4 15. Qxc4 bxc4 16. Nf3 h6 17. O-O-O (17. h4 $11) 17... hxg5 $15
18. Nxg5 Rh4 19. Rd2 Be7 20. Rhd1 Nf6 21. Kb1 Rd8 22. Re1 Rd7 23. f5 {[#]} e5
$1 (23... Bxe4 $2 24. Bf2 $18) (23... Nxe4 $6 24. Ncxe4 Bxe4 25. fxe6 $14) 24.
Bb6 Rg4 25. Rg1 (25. h4 $17) 25... Rxg1+ $19 26. Bxg1 d5 27. Na4 $2 (27. exd5
Nxd5 28. Nce4) 27... d4 ({Not} 27... Nxe4 28. Nxe4 dxe4 29. Rxd7 $17) ({But not
} 27... dxe4 28. Rxd7 Nxd7 29. h4 $19) 28. Nb6 Rc7 ({And not} 28... Nxe4 29.
Nxe4 Rc7 30. Bxd4 $16) 29. b3 $2 (29. Re2) 29... cxb3 {Black is clearly
winning.} 30. cxb3 Nxe4 31. Nxe4 Bxe4+ 32. Kb2 Bxf5 33. Nd5 Rc5 34. Nxe7 Kxe7 {
Endgame KRB-KRB} 35. b4 Rc4 36. h4 g6 37. Bf2 Ke6 38. Kb3 Rc3+ 39. Kb2 Kd5 40.
Bg1 Kc4 {[#] Hoping for ...Rb3+.} 41. Bf2 Rb3+ 42. Ka2 Be6 {aiming for ...Kc3.}
43. Be1 Kb5 {Precision: White = 14%, Black = 79%.} (43... Re3 $142 44. Rd1 Re2+
45. Kb1 Bf5+ 46. Kc1 e4) 0-1

[Event "Yingmei Cup CHN-chT 2017"]
[Site "?"]
[Date "2017.08.20"]
[Round "14"]
[White "Wang, Tongsen"]
[Black "Moiseenko, Alexander"]
[Result "0-1"]
[WhiteElo "2385"]
[BlackElo "2671"]
[Annotator "TA"]
[PlyCount "132"]
[EventDate "2017.??.??"]
[SourceTitle "Wuxi"]

1. e4 c5 2. Nf3 Nc6 3. Bb5 g6 4. O-O Bg7 5. Re1 e5 6. Nc3 Nge7 {B31: Sicilian:
2...Nc6 3 Bb5 g6} 7. Bc4 O-O 8. d3 d6 9. Bg5 h6 10. Bxe7 Nxe7 {LiveBook: 4
Games} 11. Nd2 Kh7 12. Nd5 f5 13. Nxe7 Qxe7 14. exf5 Rxf5 $146 ({Predecessor:} 
14... gxf5) 15. Nf1 Bd7 16. Ne3 Rh5 17. Bd5 Qh4 {...Rf8 is the strong threat.}
18. Nf1 $1 Rf8 19. Qd2 Rhf5 20. Re2 Bc6 21. Be4 R5f7 22. c4 h5 23. Qc2 Bh6 24.
b3 Kg7 25. Qb2 Kh7 26. Qc2 Qf6 (26... Kg7 {keeps more tension.}) 27. a3 Bd7 28.
Bd5 Be6 29. Ng3 (29. Bxe6 $11 {keeps the balance.} Qxe6 30. Rae1) 29... Bxd5
30. cxd5 {[#]} Rd7 $2 (30... e4 $1 $17 31. Rae1 (31. dxe4 Qxa1+) 31... e3 $1)
31. Ne4 $14 Qf7 32. Qc4 g5 33. b4 b6 34. Qb5 Rfd8 35. Rb1 g4 36. a4 Kg7 (36...
cxb4 $11 {remains equal.} 37. Qxb4 Kg6) 37. bxc5 $16 bxc5 38. Qc6 (38. Qc4 $16)
38... Rc7 $1 $11 39. Nxd6 Rxc6 $40 {Black has some attack.} 40. Nxf7 Rxd5 41.
Nxe5 Re6 42. Rbe1 $1 Bg5 43. g3 Bf6 44. Nc4 Rxe2 45. Rxe2 Rxd3 {Endgame KRB-KRN
} 46. Rc2 (46. h3 $5) 46... Bd4 47. Kg2 {[#]} Kf6 $1 48. h3 $2 ({Better is} 48.
Re2 $15) 48... Ke6 $19 49. hxg4 (49. Ne3 $17) 49... hxg4 50. Ne3 Bxe3 51. fxe3
{KR-KR} Kd5 52. e4+ {[#]} (52. Kf2 $142 Ra3 53. e4+ Kxe4 54. Rc4+ Kd3 55. Rxc5)
52... Kd4 $1 53. Re2 Rf3 54. e5 Rf7 55. e6 Re7 56. Kf2 Kd5 57. Rd2+ Kxe6 58.
Rd8 Kf5 $2 (58... Ke5 $19 {aiming for ...c4.} 59. Rg8 Kd4 60. Rxg4+ Kd3) 59.
Rf8+ $2 (59. Rc8 $11) 59... Ke4 60. Rf4+ $2 (60. Ke2 Kd4+ 61. Kd2) 60... Kd3 {
Black is clearly winning.} 61. Rxg4 c4 62. Rg8 c3 63. Rd8+ Kc4 64. Rc8+ Kb3 65.
g4 Re5 66. Kf3 c2 {Precision: White = 40%, Black = 65%.} 0-1

[Event "Yingmei Cup CHN-chT 2017"]
[Site "?"]
[Date "2017.08.20"]
[Round "14"]
[White "Zhang, Xiaowen"]
[Black "Huang, Qian"]
[Result "1/2-1/2"]
[WhiteElo "2345"]
[BlackElo "2450"]
[Annotator "TA"]
[PlyCount "63"]
[EventDate "2017.??.??"]
[SourceTitle "Wuxi"]

1. e4 c5 2. Nf3 d6 3. d4 cxd4 4. Nxd4 Nf6 5. Nc3 a6 6. Be2 e5 7. Nb3 Be7 8. O-O
O-O 9. Be3 Be6 10. Nd5 Nbd7 11. Qd3 Bxd5 12. exd5 Nc5 13. Nxc5 {[%emt 0:00:06]
B92: Sicilian Najdorf: Be2} dxc5 14. c4 Bd6 {LiveBook: 9 Games} 15. Qf5 {
White is slightly better.} Re8 $146 ({Predecessor:} 15... Qc7 16. Rae1 e4 17.
g3 Rae8 18. Bd2 {1/2-1/2 (75) Obregon,C (2537) -Fell,S (2325) Villa Martelli
2015}) 16. Bg5 h6 17. Bxf6 Qxf6 18. Qxf6 gxf6 19. f3 f5 20. Rae1 e4 21. fxe4
Rxe4 22. Bd3 Rxe1 23. Rxe1 $11 {Endgame KRB-KRB} f4 24. Kf2 Kf8 25. Kf3 Re8 26.
Rxe8+ Kxe8 $14 {KB-KB} 27. Kg4 f3 28. gxf3 Bxh2 {The position is equal.} 29.
Kh5 Bf4 30. Kg4 Bd6 31. Kh5 Bf4 32. Kg4 {Precision: White = 33%, Black = 68%.}
1/2-1/2

[Event "Yingmei Cup CHN-chT 2017"]
[Site "?"]
[Date "2017.08.20"]
[Round "14"]
[White "Zhai, Mo"]
[Black "Lei, Tingjie"]
[Result "0-1"]
[WhiteElo "2303"]
[BlackElo "2471"]
[Annotator "TA"]
[PlyCount "108"]
[EventDate "2017.??.??"]
[SourceTitle "Wuxi"]

1. d4 d5 2. c4 e6 3. Nf3 Nf6 4. Bg5 h6 5. Bxf6 Qxf6 6. Nc3 c6 7. e3 g6 8. Bd3 {
D43: Semi-Slav: 5 Bg5 h6} (8. Be2 Bg7 9. e4 O-O 10. e5 Qe7 11. O-O Nd7 12. Re1
Rd8 13. Qc2 dxc4 14. Bxc4 b5 15. Be2 Bb7 {1-0 (68) Inarkiev,E (2702) -Gelfand,
B (2729) Nazran 2017}) 8... Bg7 9. O-O O-O 10. Qe2 {LiveBook: 12 Games. White
has an edge.} Qe7 $146 ({Find the theoretical novelty and annotate with
similar games:} 10... dxc4 11. Bxc4 b6 12. e4 Qe7 13. e5 Nd7 14. Rfe1 a6 15.
Bd3 Bb7 {1-0 (49) Martirosyan,H (2544)-Harutyunian,T (2517) Martuni 2017}) 11.
e4 dxe4 12. Nxe4 f5 13. Nc5 b6 14. Nb3 Nd7 (14... c5 $1 $11) 15. Rfe1 Re8 16.
c5 $1 bxc5 17. Bc4 (17. Qc2 $14) 17... Kh8 (17... cxd4 {looks sharper.} 18.
Nbxd4 Nb6 19. Nxc6 Qc7 20. Rad1 Kh7) 18. Qxe6 Qxe6 19. Rxe6 (19. Bxe6 {is more
complex.} cxd4 20. Nbxd4 Nf8 21. Bf7 Rxe1+ 22. Rxe1 Bd7 23. Ne5) 19... Rxe6 20.
Bxe6 cxd4 21. Nfxd4 Nb6 22. Rc1 Bxe6 23. Nxe6 Bxb2 24. Rxc6 Rc8 25. Rxc8+ Nxc8
$11 {Endgame KBN-KNN} 26. f3 Kg8 27. Kf2 Kf7 28. Nec5 Ke7 29. Nd3 Bg7 30. Ke3
Nb6 31. Nb4 Kd6 32. Kd3 Nd5 33. Nxd5 Kxd5 {KB-KN} 34. Na5 Be5 35. h3 Bc7 36.
Nb3 Bb6 37. Nd2 Kc5 38. g4 fxg4 39. fxg4 Kb4 40. Nc4 Bc7 41. Kd4 a5 42. Kd3 a4
43. Kd4 Bd8 44. Kd3 Bf6 45. Nb6 Ka3 46. Nd5 Bh4 47. Kc4 $1 Kb2 {Strongly
threatening ...Bg3.} 48. a3 $2 (48. Nb6 $11) 48... Kxa3 $19 {[#] Hoping for ...
Kb2.} 49. Kc3 Bg3 50. Nb6 $2 (50. Kc2) 50... Be5+ 51. Kc2 {And now Nc4+ would
win.} Kb4 52. Nd5+ Kc5 53. Ne7 Bf6 54. Nxg6 {[#]} Kc4 $1 {Precision: White =
57%, Black = 64%.} 0-1